Statistics for Countries Closest to Guyana

Click here to take the quiz!

General Stats

  • This quiz has been taken 34 times
  • The average score is 12 of 14

Answer Stats

DistanceOverseas TerritoryAnswer% Correct
0Brazil
100%
0Suriname
100%
0Venezuela
97%
301France
93%
662Colombia
90%
211Trinidad and Tobago
90%
994Saint Kitts and Nevis
87%
471Saint Vincent and the Grenadines
87%
586Saint Lucia
83%
430Grenada
80%
505Barbados
77%
758Dominica
77%
962Antigua and Barbuda
73%
1035Netherlands
53%

Score Distribution

Percentile by Number Answered

Percent of People with Each Score

Your Score History

You have not taken this quiz